[Event "FRG Ch 15th"]
[Site "Bad Neuenahr GER"]
[Date "1978.??.??"]
[Round "8"]
[White "Ostermeyer, Peter"]
[Black "Reefschlaeger, Helmut"]
[Result "0-1"]
[WhiteElo "2400"]
[BlackElo "2350"]
[PlyCount "82"]
[EventDate "1978.04.??"]
[Source "www.chesslib.no"]
[SourceDate "2004.05.04"]

1. e4 e6 2. d4 d5 3. Nd2 Nf6 4. e5 Nfd7 5. Bd3 c5 6. c3 Nc6 7. Ne2 cxd4 8. cxd4 Nb6 9. O-O Bd7 10. f4 g6 11. Rf3 h5 12. Rh3 Rg8 13. Nf3 Nb4 14. Bb1 a5 15. Nc3 a4 16. Qe2 Qc8 17. a3 Nc6 18. Bd3 Na5 19. Bd2 Nb3 20. Rd1 Nxd2 21. Rxd2 Be7 22. Rc2 Qd8 23. Nb5 Bxb5 24. Bxb5+ Kf8 25. Ne1 Kg7 26. Rhc3 Nc4 27. Bxc4 dxc4 28. Qxc4 b5 29. Qd3 b4 30. Rc7 bxa3 31. bxa3 Rb8 32. Nf3 Rb3 33. Qa6 Rxf3 34. gxf3 Qxd4+ 35. Kg2 Qxf4 36. R7c4 Qg5+ 37. Kh1 Rd8 38. Rc1 Rd2 39. Rg1 Qxe5 40. Rg2 Qe1+ 41. Rg1 Qf2 0-1

[Event "Augsburg 8788"]
[Site "Augsburg GER"]
[Date "1987.??.??"]
[Round "10"]
[White "Roeder, Frank"]
[Black "Veinger, Itzhak"]
[Result "1/2-1/2"]
[WhiteElo "2310"]
[BlackElo "2440"]
[PlyCount "137"]
[EventDate "1987.12.??"]
[Source "www.chesslib.no"]
[SourceDate "2004.05.04"]

1. e4 e6 2. d4 d5 3. Nd2 Nf6 4. e5 Nfd7 5. Bd3 c5 6. c3 Nc6 7. Ne2 cxd4 8. cxd4 Nb6 9. O-O Bd7 10. a3 a5 11. b3 Rc8 12. Bb2 Be7 13. f4 g6 14. g4 Bf8 15. Ng3 a4 16. b4 h5 17. gxh5 gxh5 18. Nxh5 Qh4 19. Nf6+ Kd8 20. Rf2 Be7 21. Nf3 Qh6 22. Ng5 Kc7 23. Rc1 Bxf6 24. exf6 Kb8 25. Nxf7 Rhg8+ 26. Kh1 Qxf6 27. Ne5 Qh4 28. Qe2 Ka7 29. Rff1 Be8 30. b5 Nxe5 31. dxe5 Nc4 32. Bd4+ Kb8 33. Bxc4 dxc4 34. Rxc4 Rxc4 35. Qxc4 Qh3 36. Ba7+ Ka8 37. Qc8+ Kxa7 38. b6+ Ka6 39. Qa8+ Kb5 40. Rb1+ Kc4 41. Qxb7 Kd3 42. Re1 Kd2 43. Qe4 Bh5 44. Qb4+ Qc3 45. Qxc3+ Kxc3 46. h4 Kb2 47. f5 Bf3+ 48. Kh2 exf5 49. e6 Be4 50. Rd1 Re8 51. Rd6 Kxa3 52. Kg3 Kb4 53. b7 Kb5 54. Rd7 a3 55. e7 a2 56. b8=Q+ Rxb8 57. Rd8 Rxd8 58. exd8=Q a1=Q 59. Qd7+ Kc4 60. Qe6+ Kd3 61. Qb3+ Ke2 62. Qc4+ Bd3 63. Qe6+ Kf1 64. Qe3 Qg7+ 65. Qg5 Qb2 66. Qf4+ Ke1 67. Qe3+ Be2 68. Qf2+ Kd1 69. Qxf5 1/2-1/2

[Event "SWE Ch"]
[Site "Stockholm SWE"]
[Date "1987.??.??"]
[Round "?"]
[White "Winsnes, Rikard"]
[Black "Renman, Nils-Gustaf"]
[Result "1-0"]
[WhiteElo "2290"]
[BlackElo "2455"]
[PlyCount "123"]
[EventDate "1987.06.??"]
[Source "www.chesslib.no"]
[SourceDate "2004.05.04"]

1. e4 e6 2. d4 d5 3. Nd2 Nf6 4. e5 Nfd7 5. Bd3 c5 6. c3 Nc6 7. Ne2 cxd4 8. cxd4 Nb6 9. Nf3 Bd7 10. Nf4 g6 11. h4 Nb4 12. Be2 Rc8 13. O-O Be7 14. g3 a5 15. Nh2 Na4 16. a3 Nc2 17. Rb1 Qb6 18. b3 Nxa3 19. Bxa3 Nc3 20. Bxe7 Nxd1 21. Bc5 Rxc5 22. dxc5 Qc7 23. Rbxd1 Qxe5 24. Ng4 Qb2 25. Rfe1 O-O 26. Nd3 Qg7 27. Nde5 Bc8 28. Bb5 f6 29. Nf3 e5 30. Ngh2 d4 31. Nd2 Be6 32. c6 bxc6 33. Bxc6 Rc8 34. Rc1 Qe7 35. Nhf3 Kg7 36. Bb5 Rc3 37. Bc4 Bxc4 38. bxc4 a4 39. Ra1 a3 40. Nxd4 Qb7 41. Nb5 Rc2 42. Rxa3 Qb6 43. Rd3 Qa5 44. Rd1 Kh6 45. Rd7 f5 46. Nd6 Qc3 47. Nf7+ Kh5 48. Ng5 h6 49. Nh7 e4 50. Rd6 Rxd2 51. R1xd2 Kg4 52. Kg2 Qf3+ 53. Kh2 Qc3 54. Re2 Qg7 55. Nf6+ Kf3 56. Ra2 f4 57. gxf4 Qc7 58. Rad2 Qxc4 59. Nd7 Qf1 60. Ne5+ Kxf4 61. Nxg6+ Kg4 62. f3+ 1-0

[Event "tt"]
[Site "Vlissingen tt"]
[Date "1975.??.??"]
[Round "1"]
[White "Ligterink, Gert"]
[Black "Whiteley, Andrew J"]
[Result "1/2-1/2"]
[WhiteElo "2365"]
[BlackElo "2380"]
[PlyCount "69"]
[EventDate "1975.??.??"]
[Source "www.chesslib.no"]
[SourceDate "2004.05.04"]

1. e4 e6 2. d4 d5 3. Nd2 Nf6 4. e5 Nfd7 5. Bd3 c5 6. c3 Nc6 7. Ne2 cxd4 8. cxd4 Nb6 9. Nf3 Bd7 10. Bg5 Be7 11. Bxe7 Qxe7 12. O-O O-O 13. Rc1 Rac8 14. Nc3 Nb4 15. Bb1 Rc7 16. b3 Rfc8 17. Qd2 Na6 18. Rfe1 g6 19. h4 Rc6 20. Ng5 Qb4 21. Re3 Nc7 22. Nxh7 Kxh7 23. h5 Rh8 24. hxg6+ Kg7 25. Rg3 Qe7 26. gxf7+ Kf8 27. Qf4 Qxf7 28. Qg5 Be8 29. Qd8 Rg8 30. Rh3 Nb5 31. Rh7 Rg7 32. Rh8+ Rg8 33. Rh7 Rg7 34. Rh8+ Rg8 35. Rh7 1/2-1/2

[Event "Bonn Staudte Memorial"]
[Site "Bonn"]
[Date "1979.08.??"]
[Round "7"]
[White "Borngaesser, Rene"]
[Black "Reefschlaeger, Helmut"]
[Result "1/2-1/2"]
[WhiteElo "2370"]
[BlackElo "2370"]
[PlyCount "55"]
[EventDate "1979.??.??"]
[Source "www.chesslib.no"]
[SourceDate "2004.05.04"]

1. e4 e6 2. d4 d5 3. Nd2 Nf6 4. e5 Nfd7 5. Bd3 c5 6. c3 Nc6 7. Ne2 cxd4 8. cxd4 Nb6 9. Nf3 Be7 10. h4 Bd7 11. Bg5 Nb4 12. Bb1 h6 13. Bxe7 Qxe7 14. a3 Nc6 15. Qd2 O-O-O 16. Bd3 Be8 17. O-O-O f6 18. Nf4 Rf8 19. Rhe1 fxe5 20. Nxe5 Nxd4 21. Kb1 Qf6 22. g3 g5 23. hxg5 hxg5 24. Ng4 Qe7 25. Qc3+ Kb8 26. Qxd4 gxf4 27. gxf4 Qf7 28. f5 1/2-1/2

[Event "Nice ol (Men)"]
[Site "Nice FRA"]
[Date "1974.??.??"]
[Round "9"]
[White "Ornstein, Axel O"]
[Black "Friedgood, David"]
[Result "0-1"]
[WhiteElo "2430"]
[BlackElo "2310"]
[PlyCount "80"]
[EventDate "1974.06.06"]
[Source "www.chesslib.no"]
[SourceDate "2004.05.04"]

1. e4 e6 2. d4 d5 3. Nd2 Nf6 4. e5 Nfd7 5. Bd3 c5 6. c3 Nc6 7. Ne2 cxd4 8. cxd4 Nb6 9. f4 Bd7 10. Nf3 Rc8 11. O-O Be7 12. Rf2 Nb4 13. Bb1 Qc7 14. a3 Nc2 15. Ra2 Ba4 16. Qd3 Qc4 17. Qxc4 Rxc4 18. Nc3 Nxd4 19. Nxd4 Rxd4 20. Be3 Bc5 21. b4 Rc4 22. bxc5 Rxc3 23. cxb6 Rxe3 24. bxa7 Re1+ 25. Rf1 Rxf1+ 26. Kxf1 O-O 27. Rb2 Bc6 28. Bc2 f6 29. exf6 gxf6 30. Bb3 Ra8 31. f5 Rxa7 32. fxe6 Rxa3 33. Bc2 Re3 34. Bf5 d4 35. Kf2 Re5 36. g4 Bb5 37. Rc2 d3 38. Rc8+ Kg7 39. Rd8 Re2+ 40. Kg3 d2 0-1

[Event "ONCE"]
[Site "Linares"]
[Date "2003.03.01"]
[Round "7"]
[White "Dukaczewski, Piotr"]
[Black "Berlinsky, Vladimir"]
[Result "1-0"]
[WhiteElo "2348"]
[BlackElo "2384"]
[PlyCount "63"]
[EventDate "2003.02.26"]
[Source "Roberto Alvarez"]
[SourceDate "2003.03.03"]

1. e4 e6 2. d4 d5 3. Nd2 Nf6 4. e5 Nfd7 5. Bd3 c5 6. c3 Nc6 7. Ne2 cxd4 8. cxd4 Nb6 9. O-O a5 10. Nf3 Be7 11. Nf4 g6 12. Nh3 a4 13. Bh6 a3 14. b3 Nd7 15. Qd2 Nb4 16. Bb1 Qa5 17. Nhg5 Nc6 18. Qf4 Nd8 19. Rc1 b6 20. h4 Ba6 21. h5 Rg8 22. Nxh7 gxh5 23. Nf6+ Nxf6 24. exf6 Rg4 25. Rc7 Bb4 26. Qe5 Qb5 27. Bf5 Nc6 28. Qe3 Kd8 29. Rxc6 Qxc6 30. Ne5 Qb7 31. Bxg4 hxg4 32. Qg5 1-0

[Event "Pardubice Czech op"]
[Site "?"]
[Date "1998.??.??"]
[Round "7"]
[White "Suran Jan"]
[Black "Gross David"]
[Result "1/2-1/2"]
[WhiteElo "2295"]
[BlackElo "2435"]
[PlyCount "147"]
[EventDate "1998.??.??"]
[Source "www.chesslib.no"]
[SourceDate "2004.05.04"]

1. e4 e6 2. d4 d5 3. Nd2 Nf6 4. e5 Nfd7 5. Bd3 c5 6. c3 Nc6 7. Ne2 cxd4 8. cxd4 Nb6 9. O-O Bd7 10. a3 a5 11. Nf3 Be7 12. Nf4 g6 13. g3 a4 14. Be3 Na5 15. Nd2 Rc8 16. Qg4 Nbc4 17. Nxc4 Nxc4 18. Qh3 O-O 19. Bc1 Rc6 20. Qg4 Kh8 21. h4 f5 22. exf6 Rxf6 23. Qe2 Bd6 24. Nh3 Qb6 25. Bg5 Qxd4 26. Bxc4 Rxc4 27. Rad1 Qe5 28. Bxf6+ Qxf6 29. Qxc4 dxc4 30. Rxd6 Bc6 31. Nf4 Qxb2 32. Nxe6 Kg8 33. Rd8+ Kf7 34. Nd4 c3 35. Nxc6 bxc6 36. Rdd1 Qxa3 37. Ra1 Qb3 38. Rfe1 c2 39. Kg2 Kf6 40. Kg1 Kf5 41. Kg2 a3 42. Rac1 a2 43. Ra1 h5 44. Re2 Qc3 45. Ree1 c5 46. Rac1 c4 47. Ra1 Qd2 48. Rac1 Qxc1 49. Rxc1 Ke4 50. Rxc2 a1=Q 51. Rxc4+ Kd3 52. Rf4 Qe5 53. Rf3+ Kd2 54. Re3 Qf5 55. Kg1 Qg4 56. Kf1 g5 57. hxg5 Qxg5 58. Re2+ Kd3 59. Re3+ Kd4 60. Kg2 Qg4 61. Kf1 Qf5 62. Kg2 Qg5 63. Kf1 Qg4 64. Ra3 Qd1+ 65. Kg2 Ke4 66. Re3+ Kf5 67. Rf3+ Kg5 68. Rf4 Qe1 69. Rd4 Qc3 70. Rf4 Qc6+ 71. Kh2 Qd5 72. Kg1 Qd2 73. Kg2 Qd1 74. Rh4 1/2-1/2

[Event "POL-chTJ"]
[Site "?"]
[Date "1998.08.22"]
[Round "3"]
[White "Blehm Pawel"]
[Black "Szymanski Marcin"]
[Result "1/2-1/2"]
[WhiteElo "2420"]
[BlackElo "2295"]
[PlyCount "71"]
[EventDate "1998.??.??"]
[Source "www.chesslib.no"]
[SourceDate "2004.05.04"]

1. e4 e6 2. d4 d5 3. Nd2 Nf6 4. e5 Nfd7 5. Bd3 c5 6. c3 Nc6 7. Ne2 cxd4 8. cxd4 Nb6 9. O-O Bd7 10. Nf3 h6 11. Be3 a5 12. Nd2 Nb4 13. Bb1 Bb5 14. a3 Nd3 15. Qb3 Nb4 16. Qd1 Nd3 17. Ra2 a4 18. Nc3 Nxb2 19. Rxb2 Bxf1 20. Qxf1 Bxa3 21. Ra2 Be7 22. Qb5+ Kf8 23. Nxa4 Rxa4 24. Rxa4 Nxa4 25. Qxa4 g6 26. g3 Kg7 27. Bd3 Qc7 28. h4 Qc6 29. Bb5 Qc7 30. Kg2 Rc8 31. h5 g5 32. Bd3 Qc3 33. Bb1 Qb4 34. Qd1 Qb2 35. Nf3 Rc3 36. Bd3 1/2-1/2

[Event "sen.Olympide 2004 -Senioren-"]
[Site "?"]
[Date "2004.10.19"]
[Round "8"]
[White "Adler Viktor"]
[Black "Simon Padros Emili"]
[Result "1/2-1/2"]
[WhiteElo "2412"]
[BlackElo "2275"]
[PlyCount "91"]
[EventDate "2004.??.??"]
[Source "www.chesslib.no"]
[SourceDate "2004.05.04"]

1. e4 e6 2. d4 d5 3. Nd2 Nf6 4. e5 Nfd7 5. Bd3 c5 6. c3 Nc6 7. Ne2 cxd4 8. cxd4 Nb6 9. Nf3 Bd7 10. a3 a5 11. Nc3 Be7 12. h4 h6 13. h5 a4 14. Bc2 Nb8 15. Rh3 Bc6 16. Kf1 Qd7 17. Rg3 Bf8 18. Kg1 Na6 19. Ne1 Kd8 20. Nd3 Kc7 21. Bd2 Kb8 22. Rf3 Ka7 23. Nb4 Nxb4 24. axb4 Kb8 25. b5 Bxb5 26. Nxb5 Qxb5 27. Rxf7 Nc4 28. Bc3 Qe8 29. Rf3 Nb6 30. Rg3 Qc6 31. Qd3 Nc4 32. b3 axb3 33. Rxa8+ Kxa8 34. Bxb3 b5 35. Rg6 b4 36. Bd2 Na5 37. Qh3 Nxb3 38. Qxb3 Rg8 39. g3 Be7 40. Bxb4 Bxb4 41. Qxb4 Qa6 42. Rxg7 Rb8 43. Qc5 Rb1+ 44. Kh2 Rh1+ 45. Kxh1 Qf1+ 46. Kh2 1/2-1/2

[Event "SLO-chT"]
[Site "Celje"]
[Date "2003.11.17"]
[Round "2"]
[White "Cigan, Stefan"]
[Black "Dizdar, Selim"]
[Result "1-0"]
[WhiteElo "2321"]
[BlackElo "2351"]
[PlyCount "115"]
[EventDate "2003.11.17"]
[Source "Roberto Alvarez"]
[SourceDate "2003.11.24"]

1. e4 e6 2. d4 d5 3. Nd2 Nf6 4. e5 Nfd7 5. Bd3 c5 6. c3 Nc6 7. Ne2 cxd4 8. cxd4 Nb6 9. O-O Be7 10. Nf3 Bd7 11. Nf4 g6 12. Nh3 Qc7 13. Bh6 O-O-O 14. Rc1 Kb8 15. Qd2 Rc8 16. Qf4 Bf8 17. Bg5 h6 18. Bf6 Rg8 19. Qe3 Be8 20. Nf4 Nd7 21. Bb5 Nxf6 22. Bxc6 Bxc6 23. exf6 Qd8 24. Ne5 Rc7 25. Rc3 Qxf6 26. Rfc1 Bd6 27. Nfd3 Qh4 28. g3 Qe4 29. Nxc6+ bxc6 30. Rxc6 Rgc8 31. Rxc7 Rxc7 32. Nc5 Bxc5 33. Qxe4 dxe4 34. Rxc5 Rd7 35. Rc4 Rd5 36. Kf1 e5 37. dxe5 Rxe5 38. h4 Kb7 39. Ke2 h5 40. Ke3 f5 41. b4 Rd5 42. Rd4 Rb5 43. a4 Rb6 44. b5 Kc7 45. Kf4 a6 46. Kg5 axb5 47. axb5 Re6 48. Rc4+ Kd7 49. Kf4 Rd6 50. Rc2 Rb6 51. Kg5 Rxb5 52. Kxg6 Ke6 53. Rc6+ Ke5 54. Rf6 Kd4 55. Rxf5 Rb3 56. Kxh5 Kd3 57. f4 Ke2 58. g4 1-0

[Event "It (b)"]
[Site "Bad Meinberg"]
[Date "1975.??.??"]
[Round "?"]
[White "Ree, Hans"]
[Black "Hoyt W"]
[Result "0-1"]
[WhiteElo "2470"]
[BlackElo "2200"]
[PlyCount "94"]
[EventDate "1975.??.??"]
[Source "www.chesslib.no"]
[SourceDate "2004.05.04"]

1. e4 e6 2. d4 d5 3. Nd2 Nf6 4. e5 Nfd7 5. Bd3 c5 6. c3 Nc6 7. Ne2 cxd4 8. cxd4 Nb6 9. O-O Bd7 10. Nf3 Be7 11. b3 a5 12. Nc3 Nb4 13. Be2 a4 14. Bd2 axb3 15. axb3 O-O 16. Nb5 Bxb5 17. Bxb5 Rxa1 18. Qxa1 Qa8 19. g3 h6 20. Rc1 Qxa1 21. Rxa1 Ra8 22. Rc1 Rc8 23. Ra1 g5 24. h3 Kg7 25. Kg2 Rc7 26. Ra7 Nc8 27. Ra1 Nc2 28. Ra4 Nb6 29. Ba5 Nxa4 30. Bxc7 Nc3 31. Bd7 Ne2 32. Bb6 Nc1 33. Bc8 Nxb3 34. Bxb7 Bb4 35. Kf1 Bc3 36. Ke2 Ncxd4+ 37. Kd3 Nxf3 38. Kxc3 Nbd2 39. Bc7 Ne4+ 40. Kc2 Nxf2 41. h4 gxh4 42. gxh4 Nxh4 43. Kd2 Ng4 44. Kd3 Ng6 45. Kd4 Ne7 46. Bd8 Nf5+ 47. Kd3 Nxe5+ 0-1

[Event "Yalta op"]
[Site "?"]
[Date "1996.??.??"]
[Round "2"]
[White "Kobalija Mihail"]
[Black "Biriukov Nikolai"]
[Result "1-0"]
[WhiteElo "2425"]
[BlackElo "2240"]
[PlyCount "145"]
[EventDate "1996.??.??"]
[Source "www.chesslib.no"]
[SourceDate "2004.05.04"]

1. e4 e6 2. d4 d5 3. Nd2 Nf6 4. e5 Nfd7 5. Bd3 c5 6. c3 Nc6 7. Ne2 cxd4 8. cxd4 Nb6 9. O-O Bd7 10. f4 g6 11. Nf3 h5 12. g3 a5 13. Kg2 Nb4 14. Bb1 Bb5 15. Rf2 Na4 16. Nc3 Nxc3 17. bxc3 Na6 18. a4 Bc6 19. Ba3 Bxa3 20. Rxa3 Nb8 21. Ng5 Qe7 22. Ra1 Nd7 23. Rb2 Ra6 24. Bd3 Rb6 25. Rf2 Nf8 26. Qc2 Kd8 27. Qa2 Kc8 28. Nf3 Qc7 29. Rc2 Be8 30. Qa3 Nd7 31. Nd2 Nb8 32. Kg1 Nc6 33. Rac1 Kb8 34. Bb5 Qe7 35. Qc5 Qd8 36. Bd3 Bd7 37. h4 Qc7 38. Qa3 Rc8 39. Nb3 Ka7 40. Nc5 Be8 41. Bb5 Qd8 42. Rb2 Rb8 43. Rcb1 Qc7 44. Kf2 Bd7 45. Nd3 Bc8 46. Ke3 Ne7 47. Qc5 Nf5+ 48. Kf2 Qe7 49. Rb3 Ra8 50. Ne1 Rb8 51. Nc2 Ra8 52. Ne3 Qxc5 53. dxc5 Rxb5 54. axb5 b6 55. c6 Nxe3 56. Kxe3 Kb8 57. Kd4 Ra7 58. c4 dxc4 59. Kxc4 Re7 60. Rd3 Kc7 61. Rbd1 Re8 62. Rd7+ Bxd7 63. Rxd7+ Kc8 64. Rb7 Rd8 65. Rxb6 Rd1 66. Ra6 Rc1+ 67. Kd4 Kc7 68. Ra7+ Kb8 69. Rxa5 Kc7 70. Ra7+ Kb6 71. Rb7+ Ka5 72. c7 Kb4 73. b6 1-0

[Event "BL2-S 9192"]
[Site "GER"]
[Date "1992.??.??"]
[Round "?"]
[White "Thiel, Thomas"]
[Black "Biebinger, Gerhard"]
[Result "0-1"]
[WhiteElo "2295"]
[BlackElo "2370"]
[PlyCount "60"]
[EventDate "1991.10.??"]
[Source "www.chesslib.no"]
[SourceDate "2004.05.04"]

1. e4 e6 2. d4 d5 3. Nd2 Nf6 4. e5 Nfd7 5. Bd3 c5 6. c3 Nc6 7. Ne2 cxd4 8. cxd4 Nb6 9. O-O Bd7 10. Nf3 a5 11. Nf4 g6 12. h4 Be7 13. g3 a4 14. Nh3 Nb4 15. Bb1 Bb5 16. Re1 h6 17. Nh2 Nc4 18. Ng4 Qb6 19. Nxh6 Nxb2 20. Bxb2 Rxh6 21. Bc1 Rh8 22. Ng5 Nc6 23. Nxf7 Kxf7 24. Qf3+ Ke8 25. Qg4 Kd7 26. Bxg6 Qxd4 27. Bf4 Bc5 28. Bf7 Qxf2+ 29. Kh1 Nd8 30. Qg7 Qf3+ 0-1

[Event "Canadian Open B"]
[Site "Montreal CAN"]
[Date "2008.07.26"]
[Round "8"]
[White "Barron, M."]
[Black "Hebert, J."]
[Result "1/2-1/2"]
[WhiteElo "2267"]
[BlackElo "2392"]
[PlyCount "102"]
[EventDate "2008.07.19"]
[Source "www.chesslib.no"]
[SourceDate "2004.05.04"]

1. e4 e6 2. d4 d5 3. Nd2 Nf6 4. e5 Nfd7 5. Bd3 c5 6. c3 Nc6 7. Ne2 cxd4 8. cxd4 Nb6 9. O-O Bd7 10. f4 g6 11. Nf3 Nb4 12. Bb1 Bb5 13. Rf2 Bxe2 14. Rxe2 Be7 15. Be3 Nc4 16. Bf2 Qb6 17. a3 Nc6 18. b4 a5 19. Bd3 Qa6 20. bxa5 N6xa5 21. Be1 Nc6 22. Qb3 O-O 23. Rea2 b5 24. Bb4 Qa4 25. Qb1 Rfe8 26. g4 Qa7 27. Bc3 Reb8 28. f5 exf5 29. gxf5 N6xe5 30. Nxe5 Nxe5 31. fxg6 Nxg6 32. Bxb5 Qc7 33. Be1 Qb6 34. a4 Bf6 35. Bf2 Bxd4 36. Qd3 Bxf2+ 37. Rxf2 Rd8 38. Raf1 Rd6 39. Kh1 Rf8 40. Rf5 Qb7 41. Qg3 Qe7 42. Bd3 Re6 43. Rxd5 Re3 44. Qg2 Qa3 45. Bb5 Kh8 46. Rd7 Qb3 47. Bc6 Qc3 48. Bd5 Ne5 49. Rb7 Qd4 50. Rg1 Ng4 51. Bxf7 Re7 1/2-1/2

[Event "Tuzla"]
[Site "Tuzla"]
[Date "1990.??.??"]
[Round "11"]
[White "Kaminski, Marcin"]
[Black "Sprecic, Mustafa"]
[Result "0-1"]
[WhiteElo "2315"]
[BlackElo "2330"]
[PlyCount "124"]
[EventDate "1990.??.??"]
[Source "www.chesslib.no"]
[SourceDate "2004.05.04"]

1. e4 e6 2. d4 d5 3. Nd2 Nf6 4. e5 Nfd7 5. Bd3 c5 6. c3 Nc6 7. Ne2 cxd4 8. cxd4 Nb6 9. O-O a5 10. f4 g6 11. Nb3 a4 12. Nc5 Nxd4 13. Be3 Bxc5 14. Bxd4 Bxd4+ 15. Nxd4 Bd7 16. Rc1 Nc8 17. Kh1 Qb6 18. Be2 Ne7 19. g4 Ra5 20. Qd2 Nc6 21. Nxc6 Bxc6 22. f5 d4+ 23. Bf3 Rc5 24. Bxc6+ Qxc6+ 25. Kg1 d3 26. fxe6 O-O 27. Rxc5 Qxc5+ 28. Qf2 Qxe5 29. exf7+ Kg7 30. h4 h6 31. Qf3 d2 32. h5 Qc5+ 33. Kg2 Qd4 34. hxg6 Qxb2 35. Kh3 Qd4 36. Rd1 Kxg6 37. Rf1 Kg7 38. a3 b5 39. Kg2 b4 40. axb4 a3 41. g5 hxg5 42. Qf5 d1=Q 43. Rxd1 Qxd1 44. Qxg5+ Kxf7 45. Qf5+ Ke7 46. Qe5+ Kd8 47. Qb8+ Ke7 48. Qe5+ Kf7 49. Qf5+ Ke8 50. Qe5+ Kd8 51. Qb8+ Kd7 52. Qxf8 Qd5+ 53. Kh3 Qh5+ 54. Kg3 Qg6+ 55. Kf3 a2 56. Qh8 Ke7 57. Qe5+ Qe6 58. Qc5+ Kf7 59. Qc7+ Kg6 60. Qg3+ Kf6 61. Qh4+ Kg7 62. Qg3+ Qg6 0-1

[Event "Mlada Boleslav Open"]
[Site "Mlada Boleslav CZE"]
[Date "1992.??.??"]
[Round "6"]
[White "Pribyl, Martin"]
[Black "Zurek, Milan"]
[Result "1-0"]
[WhiteElo "2260"]
[BlackElo "2385"]
[PlyCount "149"]
[EventDate "1992.??.??"]
[Source "www.chesslib.no"]
[SourceDate "2004.05.04"]

1. e4 e6 2. d4 d5 3. Nd2 Nf6 4. e5 Nfd7 5. Bd3 c5 6. c3 Nc6 7. Ne2 cxd4 8. cxd4 Nb6 9. O-O Bd7 10. Nf3 Be7 11. a3 a5 12. b3 a4 13. b4 h6 14. Nf4 Kf8 15. Be3 Na7 16. Re1 Bb5 17. Bb1 Rc8 18. Nd2 Ke8 19. Qg4 Kd7 20. Qxg7 Qg8 21. Qxg8 Rhxg8 22. Nh5 Rc3 23. Nf6+ Bxf6 24. exf6 h5 25. Nf3 Nc4 26. Ne5+ Nxe5 27. dxe5 Nc6 28. f4 d4 29. Bd2 Rb3 30. Be4 Na7 31. Reb1 Bc6 32. Bxc6+ Kxc6 33. Rxb3 axb3 34. Rb1 Kd5 35. Rxb3 Rc8 36. Kf2 Nb5 37. Ke2 Nc3+ 38. Kd3 Na4 39. Rb1 b5 40. g3 Nb6 41. Rc1 Nc4 42. Rc2 Ra8 43. Bc1 Ra4 44. Ra2 Ra8 45. Re2 Ne3 46. Bb2 Nd1 47. Bxd4 Rxa3+ 48. Kc2 Kxd4 49. Kxd1 Ra1+ 50. Kd2 Ra4 51. Kc2 Ra2+ 52. Kd1 Ra1+ 53. Kd2 Ra4 54. f5 Kd5 55. fxe6 Kxe6 56. Kc3 Ra8 57. Kd4 Rc8 58. Re4 Rc2 59. h3 Rc1 60. g4 h4 61. g5 Rc2 62. Ke3 Rc1 63. Rxh4 Rc3+ 64. Kd2 Rg3 65. Rh5 Kxe5 66. h4 Rg4 67. Rh7 Ke6 68. Kc3 Rc4+ 69. Kb3 Rc8 70. h5 Kf5 71. Rg7 Rh8 72. h6 Re8 73. h7 Re3+ 74. Kc2 Rh3 75. g6 1-0

[Event "Quito"]
[Site "Quito"]
[Date "1975.??.??"]
[Round "6"]
[White "Idrovo, Franklin"]
[Black "Rubinetti, Jorge Alberto"]
[Result "0-1"]
[WhiteElo "2200"]
[BlackElo "2440"]
[PlyCount "80"]
[EventDate "1975.??.??"]
[Source "ChessBase"]

1. e4 e6 2. d4 d5 3. Nd2 Nf6 4. e5 Nfd7 5. Bd3 c5 6. c3 Nc6 7. Ne2 cxd4 8. cxd4 Nb6 9. O-O Bd7 10. f4 g6 11. Nf3 h5 12. a3 a5 13. Qe1 Be7 14. Qg3 Rg8 15. Bd2 a4 16. Rac1 Na5 17. Bxa5 Rxa5 18. Nc3 Kf8 19. Ng5 Kg7 20. Nxe6+ Bxe6 21. f5 Bxf5 22. Rxf5 Bh4 23. Rxf7+ Kxf7 24. Rf1+ Ke8 25. Qh3 Qe7 26. Nb5 Rxb5 27. Bxb5+ Kd8 28. Qf3 Kc8 29. g3 Bg5 30. h4 Bh6 31. Qd3 g5 32. Rf6 gxh4 33. Qf5+ Kb8 34. Rxh6 Rxg3+ 35. Kf1 Qg7 36. Rxb6 Rg1+ 37. Ke2 Qg2+ 38. Ke3 Re1+ 39. Kd3 Qg3+ 40. Kc2 Qb3+ 0-1

[Event "Lloyds Bank op"]
[Site "London"]
[Date "1982.??.??"]
[Round "7"]
[White "Kosten, Anthony C"]
[Black "Norris, Alan J"]
[Result "1-0"]
[WhiteElo "2340"]
[BlackElo "2280"]
[PlyCount "71"]
[EventDate "1982.08.??"]
[Source "ChessBase"]

1. e4 e6 2. d4 d5 3. Nd2 Nf6 4. e5 Nfd7 5. Bd3 c5 6. c3 Nc6 7. Ne2 cxd4 8. cxd4 Nb6 9. O-O Bd7 10. Nf3 Be7 11. Ng3 h5 12. Re1 Rc8 13. Bd2 a5 14. Rc1 g6 15. a3 Kf8 16. Ne2 Kg7 17. Rc3 a4 18. Qb1 Na5 19. Rxc8 Nxc8 20. h4 Nb3 21. Bg5 Bxg5 22. Nxg5 Ne7 23. Bc2 Qb6 24. Qd1 Rc8 25. Nf4 Be8 26. Nxh5+ gxh5 27. Qxh5 Rxc2 28. Qh7+ Kf8 29. Qh6+ Kg8 30. Qh7+ Kf8 31. Qxc2 Nf5 32. Nh7+ Ke7 33. Nf6 Nxh4 34. Qh7 Qxd4 35. Qg8 Bb5 36. Qc8 1-0

[Event "Rilton Cup"]
[Site "Stockholm SWE"]
[Date "1987.??.??"]
[Round "?"]
[White "Winsnes, Rikard"]
[Black "Bjork, Carl-Magnus"]
[Result "1-0"]
[WhiteElo "2270"]
[BlackElo "2345"]
[PlyCount "109"]
[EventDate "1987.??.??"]
[Source "www.chesslib.no"]
[SourceDate "2004.05.04"]

1. e4 e6 2. d4 d5 3. Nd2 Nf6 4. e5 Nfd7 5. Bd3 c5 6. c3 Nc6 7. Ne2 cxd4 8. cxd4 Nb6 9. Nf3 Bd7 10. Nf4 g6 11. h4 Nb4 12. Be2 Qc7 13. O-O h6 14. a3 Nc6 15. b4 a6 16. Bd2 Be7 17. Qc2 Rc8 18. Qb1 Na7 19. Nxg6 fxg6 20. Qxg6+ Kd8 21. Qg7 Re8 22. Bxh6 Qc2 23. Rfe1 Nc6 24. Bg5 Bxg5 25. Qxg5+ Kc7 26. Rac1 Qb3 27. Qd2 Nc4 28. Bxc4 dxc4 29. Re3 Qa4 30. d5 exd5 31. Qxd5 Rcd8 32. Qxc4 Be6 33. Qc3 Kb8 34. Ng5 Bf5 35. e6 Rd4 36. Qc5 Bg6 37. e7 Rd1+ 38. Re1 Rxc1 39. Qxc1 Nxe7 40. Qf4+ Ka8 41. Ne6 Rc8 42. Nc7+ Rxc7 43. Qxc7 Nc6 44. Qd6 Qc2 45. a4 Bd3 46. h5 Qc3 47. Re8+ Ka7 48. Qc5+ Qxc5 49. bxc5 b5 50. cxb6+ Kxb6 51. h6 Ka5 52. Re6 Nb4 53. Rd6 Bc2 54. g4 Kxa4 55. g5 1-0

[Event "ch corr"]
[Site "Denmark ch corr"]
[Date "1979.??.??"]
[Round "?"]
[White "Nielsen, Chresten Waagner"]
[Black "Hyldkrog, Lars"]
[Result "1-0"]
[WhiteElo "2285"]
[BlackElo "2320"]
[PlyCount "77"]
[EventDate "1979.??.??"]
[Source "www.chesslib.no"]
[SourceDate "2004.05.04"]

1. e4 e6 2. d4 d5 3. Nd2 Nf6 4. e5 Nfd7 5. Bd3 c5 6. c3 Nc6 7. Ne2 cxd4 8. cxd4 Nb6 9. O-O Bd7 10. f4 g6 11. Nf3 h5 12. Bd2 Nb4 13. Bb1 a5 14. a3 Nc6 15. a4 Nb4 16. b3 Be7 17. Nc1 Nc8 18. Nd3 Qb6 19. g3 Na7 20. Nxb4 Bxb4 21. Bd3 Nc6 22. Be3 Rc8 23. Rc1 Ba3 24. Rc2 Be7 25. Qb1 Kf8 26. Qb2 Kg7 27. Rg2 Nb4 28. Bb1 Rc7 29. h3 Rhc8 30. g4 hxg4 31. hxg4 Rc3 32. f5 Rxe3 33. f6+ Kg8 34. Rh2 Rcc3 35. Rh8+ Kxh8 36. Qh2+ Kg8 37. Bxg6 fxg6 38. Qh6 Bf8 39. Qxg6+ 1-0

[Event "Open"]
[Site "?"]
[Date "1997.01.18"]
[Round "4"]
[White "Valerga Diego"]
[Black "Belmonte Diego M"]
[Result "1-0"]
[WhiteElo "2445"]
[BlackElo "2160"]
[PlyCount "117"]
[EventDate "1997.??.??"]
[Source "www.chesslib.no"]
[SourceDate "2004.05.04"]

1. e4 e6 2. d4 d5 3. Nd2 Nf6 4. e5 Nfd7 5. Bd3 c5 6. c3 Nc6 7. Ne2 cxd4 8. cxd4 Nb6 9. O-O Bd7 10. a3 a5 11. b3 a4 12. b4 Rc8 13. Bb2 Na7 14. Nc3 Bc6 15. Qe2 Be7 16. Rfb1 Bg5 17. Bc1 Bd7 18. Nd1 Kf8 19. b5 Qe8 20. Ne3 Rc3 21. Nf3 Be7 22. Nd1 Rc8 23. Bg5 Nc4 24. Bxe7+ Qxe7 25. Bxc4 Rxc4 26. b6 Nb5 27. Qb2 Rc6 28. Qb4 Rxb6 29. Nc3 Nxc3 30. Qxe7+ Kxe7 31. Rxb6 Bc6 32. Rb4 Ra8 33. Kf1 Ra5 34. Ke1 Ra8 35. Kd2 Nb5 36. Ne1 f6 37. Nd3 Rf8 38. Rxa4 fxe5 39. dxe5 d4 40. Rb4 Rd8 41. f3 g5 42. Nc5 g4 43. Nxb7 Rf8 44. Na5 Bd7 45. a4 Nc7 46. Rxd4 gxf3 47. gxf3 Rxf3 48. Rh4 Rf7 49. Nc4 Bc6 50. Nd6 Rg7 51. Rc1 Kd7 52. Rhc4 Rg2+ 53. Kd3 Nd5 54. Rh4 h5 55. Rf1 Kc7 56. Rf7+ Kb8 57. Rxh5 Bd7 58. Rh8+ Kc7 59. Rc8+ 1-0